01591nam a2200313 a 4500001001000000005001700010008004100027041000800068044000800076084002100084100004500105245011800150260002900268300003000297500022000327500011300547500018500660500005700845500003600902500001000938546002400948650005200972650005601024650003401080650004501114700003901159700002901198740005001227BRCA_325020190320204203.0110309s1819----enka---###---#000-0#eng-# aeng aenk a551b.M354c18191 aCervantes Saavedra, Miguel ded1547-161610aDon Quixote de la ManchacTranslated from the Original Spanish of Miguel de Cervantes Saavedra by Charles Jarvis. aLondresbT. McLeanc1819 a4 v.bil. a colorc22 cm. aContenido : v.1. Primera parte. Prefacio del traductor. Vida de Cervantes extractada de la escrita por G. Mayáns. Prólogo de Cervantes. -- v.2. Texto. -- v.3. Segunda parte. Prólogo de Cervantes. -- v.4. texto aEdición : Embellished with 24 highly Finished Engravings from Drawings Designed Expressly for this Edition aEjemplar por completo igual al anterior [550]. Semipiel; lomeras decoradas con dorados. En las guardas: observaciones escritas a mano y con lápiz por Franz Mayer Lúdovik Osterc aEstado físico : vol. 2 encuadernación maltratada aCon ex-libris de : H. S. Ashbee aQM441 aTexto en : inglés14aNovela españolayÉpoca clásica, 1500-170014aLiteratura españolayÉpoca clásica, 1500-170014aNovela españolaySiglo XVII14aDon Quijote (Personaje ficticio)eNovela1 aJarvis, Charlesd?-1739eTraductor1 aClark, J. H.eIlustrador0 aEl Ingenioso Hidalgo Don Quijote de la Mancha